| 000 | 00458nam a2200181Ia 4500 | ||
|---|---|---|---|
| 003 | GCL | ||
| 008 | 140319s9999 xx 000 0 ara d | ||
| 040 |
_aGCL / _cGCL |
||
| 082 | 0 | 4 |
_a810.9 _bب ن |
| 100 | 1 | _aهدى وصفى | |
| 245 | 1 | 0 |
_aالنقد الادبى / _cهدى وصفى |
| 700 | 1 | _aبرونل 0 ب | |
| 700 | 1 | _aماديلينا 0 د | |
| 490 |
_aكتاب _v0 |
||
| 650 | 0 | 4 | _aالادب |
| 650 | 0 | 4 | _aتاريخ ونقد |
| 942 |
_2ddc _cBK |
||
| 999 |
_c42250 _d42250 |
||